[Event "Alcorcon Diagonal op 1st"]
[Site "Alcorcon"]
[Date "2022.02.19"]
[Round "6"]
[White "Palacios Sanchez, Victor"]
[Black "Crespo Pedrero, Lorenzo"]
[Result "0-1"]
[WhiteElo "1670"]
[BlackElo "1327"]
[PlyCount "124"]
[EventDate "2022.01.15"]
[EventType "swiss"]
[EventRounds "7"]
[EventCountry "ESP"]
[SourceTitle "EXT 2023"]
[Source "ChessBase"]
[SourceDate "2022.10.05"]
[SourceVersion "1"]
[SourceVersionDate "2022.10.05"]
[SourceQuality "1"]

1. c4 c6 2. Nc3 d5 3. d4 Nf6 4. Nf3 dxc4 5. a4 Bf5 6. e3 e6 7. Bxc4 Bb4 8. 0-0 0-0 9. Ne5 Nbd7 10. Ne2 Qc7 11. Nd3 Bd6 12. Ng3 Bg6 13. b3 Rad8 14. Ba3 c5 15. Qe2 cxd4 16. Bxd6 Qxd6 17. exd4 Qxd4 18. Rfd1 Ne4 19. Nf4 Nxg3 20. hxg3 Qb6 21. Nxg6 hxg6 22. Re1 Nf6 23. Qf3 Nd5 24. Rad1 Nb4 25. Rxd8 Rxd8 26. Qg4 Nd3 27. Rxe6 Qxf2+ 28. Kh2 fxe6 29. Qxe6+ Kf8 30. Qg8+ Ke7 31. Qxg7+ Kd6 32. Bxd3 Kc6 33. Be4+ Kd6 34. Qxg6+ Ke7 35. Qg7+ Qf7 36. Qxf7+ Kxf7 37. Bxb7 Kf6 38. Ba6 Kg5 39. a5 Rd1 40. b4 Rb1 41. b5 Kg4 42. Bc8+ Kg5 43. Bd7 Rd1 44. Bc6 Rc1 45. Be8 Re1 46. Bd7 Rd1 47. Bc6 Rc1 48. Be4 Re1 49. Bb7 Rb1 50. Bc6 Rc1 51. g4 Kxg4 52. g3 Rc2+ 53. Kg1 Kxg3 54. Kf1 Kf4 55. Ke1 Ke5 56. Kd1 Rc5 57. Kd2 Kd6 58. Kd3 a6 59. Be8 axb5 60. a6 Kc7 61. Kd4 Kb6 62. a7 Rc8 0-1

[Event "Alcorcon Diagonal op 1st"]
[Site "Alcorcon"]
[Date "2022.01.29"]
[Round "3"]
[White "Arevillca Colque, Jonatan"]
[Black "Crespo Pedrero, Lorenzo"]
[Result "1-0"]
[WhiteElo "1524"]
[BlackElo "1327"]
[PlyCount "47"]
[EventDate "2022.01.15"]
[EventType "swiss"]
[EventRounds "7"]
[EventCountry "ESP"]
[SourceTitle "EXT 2023"]
[Source "ChessBase"]
[SourceDate "2022.10.05"]
[SourceVersion "1"]
[SourceVersionDate "2022.10.05"]
[SourceQuality "1"]

1. e4 c6 2. Nc3 d5 3. Nf3 Bg4 4. h3 Bxf3 5. Qxf3 e6 6. Be2 Nd7 7. 0-0 Bd6 8. d4 c5 9. dxc5 dxe4 10. Nxe4 Bxc5 11. Nxc5 Nxc5 12. Bb5+ Kf8 13. b4 Na6 14. Qxb7 Nc7 15. Bf4 Nxb5 16. Qxb5 f6 17. Rad1 Qc8 18. Rd7 e5 19. Be3 Nh6 20. Bc5+ Ke8 21. Rc7+ Kd8 22. Rxc8+ Kxc8 23. Qc6+ Kd8 24. Rd1# 1-0

[Event "Madrid-ch U12"]
[Site "Madrid"]
[Date "2021.04.18"]
[Round "3"]
[White "Lopez Carrazana, Darvin Alejandro"]
[Black "Crespo Pedrero, Lorenzo"]
[Result "1-0"]
[WhiteElo "1478"]
[BlackElo "1177"]
[PlyCount "91"]
[EventDate "2021.04.17"]
[EventType "swiss"]
[EventRounds "5"]
[EventCountry "ESP"]
[SourceTitle "EXT 2023"]
[Source "ChessBase"]
[SourceDate "2022.10.05"]
[SourceVersion "1"]
[SourceVersionDate "2022.10.05"]
[SourceQuality "1"]

1. e4 c6 2. d4 d5 3. exd5 cxd5 4. Nf3 Nf6 5. Nc3 Bf5 6. Bb5+ Nbd7 7. Bg5 Qb6 8. 0-0 g6 9. Bxf6 Qxf6 10. Nxd5 Qd6 11. c4 Bg7 12. Ne5 0-0 13. Nxd7 Bxd7 14. Bxd7 Qxd7 15. Re1 e6 16. Ne3 Rfd8 17. d5 b5 18. dxe6 Qxe6 19. Qc2 bxc4 20. Qxc4 Qb6 21. Rab1 Rd2 22. Red1 Rad8 23. Rxd2 Rxd2 24. b4 Bd4 25. Re1 Kh8 26. h3 Qf6 27. Rf1 Qf4 28. Qb3 Rb2 29. Qa3 Kg7 30. g3 Qf3 31. Qd3 Qf6 32. Ng4 Qb6 33. a3 h5 34. Ne3 Qf6 35. Qe4 Ra2 36. Qd3 Rb2 37. a4 h4 38. Ng4 Qb6 39. gxh4 Qxb4 40. Rd1 Bb6 41. Qf3 Qe7 42. Qc3+ Kh7 43. Qxb2 Qxh4 44. Kg2 f5 45. Rd7+ Kg8 46. Qg7# 1-0